World Health Statistics Annual 1995

Na minha lista:
Detalhes bibliográficos
Formato: Livro
Idioma:inglês
francês
Publicado em: Genéve World Health Organization 1996
Edição:1. ed.
Assuntos:
Tags: Adicionar Tag
Sem tags, seja o primeiro a adicionar uma tag!

MARC

LEADER 00000nam a2200000 4500
001 c018858
005 20221205125805.5
020 |a 92-4-067950-2 
041 0 |a eng 
041 0 |a fre 
044 |a CH 
245 1 0 |a World Health Statistics Annual 1995 
250 |a 1. ed. 
264 1 |a Genéve  |b World Health Organization  |c 1996 
300 |a 25, 16, 821, 15 s. 
610 2 0 |a zdravie 
610 2 0 |a organizácie medzinárodné 
610 2 0 |a svet 
610 2 0 |a zdravotníctvo 
610 2 0 |a starostlivosť o zdravie 
610 2 0 |a starostlivosť zdravotná 
610 2 0 |a štatistika medzinárodná